[Event "Junior Online 4NCL Division 4"]
[Site "online"]
[Date "2020.05.28"]
[Round "7.35"]
[White "Babu, Rohan"]
[Black "Byrom, Harris"]
[Result "1-0"]
[WhiteElo "1255"]
[BlackElo "1457"]
[PlyCount "117"]
[EventDate "2020.05.28"]
[WhiteTeam "Robin Hoods 3"]
[BlackTeam "Ojays E"]

1. e4 e5 2. Nf3 Nf6 3. Nc3 Nc6 4. Bb5 Bc5 5. Bxc6 bxc6 6. Nxe5 Qe7 7. Nd3 Nxe4
8. Qe2 Nxc3 9. Qxe7+ Bxe7 10. dxc3 O-O 11. O-O Ba6 12. Bf4 Rac8 13. Rfe1 Rfe8
14. Ne5 Bd6 15. a4 f6 16. Nd3 Bxd3 17. Rxe8+ Rxe8 18. Bxd6 Bxc2 19. Bxc7 Re4
20. a5 a6 21. Rc1 c5 22. h3 Bb3 23. Bb6 d6 24. Bc7 Re6 25. Kf1 Kf7 26. Re1
Rxe1+ 27. Kxe1 Ke6 28. Kd2 Bd5 29. Kd3 Bxg2 30. h4 Bf3 31. Ke3 Bg4 32. Kf4 Bh5
33. Ke4 h6 34. f4 Bg4 35. b4 g5 36. hxg5 hxg5 37. fxg5 cxb4 38. cxb4 fxg5 39.
b5 axb5 40. a6 Bh3 41. a7 b4 42. Kf3 g4+ 43. Kg3 b3 44. a8=Q Bf1 45. Kxg4 b2
46. Qe4+ Kd7 47. Ba5 Bc4 48. Qb1 Be2+ 49. Kf4 d5 50. Qxb2 Ke6 51. Qxe2+ Kd6 52.
Qe5+ Kc5 53. Ke3 Kc4 54. Qd4+ Kb5 55. Qb4+ Kc6 56. Kd4 Kd7 57. Ke5 Kc6 58. Ke6
d4 59. Qb6# 1-0

[Event "Junior Online 4NCL Division 4"]
[Site "online"]
[Date "2020.05.28"]
[Round "7.36"]
[White "Masacorale, Jamie"]
[Black "Humphreys, Benjamin"]
[Result "0-1"]
[WhiteElo "1457"]
[BlackElo "1255"]
[PlyCount "92"]
[EventDate "2020.05.28"]
[WhiteTeam "Ojays E"]
[BlackTeam "Robin Hoods 3"]

1. d4 d5 2. Nf3 c5 3. e3 cxd4 4. Nxd4 Nc6 5. c4 dxc4 6. Bxc4 e5 7. Nxc6 Qxd1+
8. Kxd1 bxc6 9. Nc3 Bd6 10. Bd2 Nf6 11. Ke2 O-O 12. Rhd1 e4 13. Kf1 Rb8 14. b3
Bxh2 15. g3 Bh3+ 16. Ke1 Nh5 17. Nxe4 Rbe8 18. Ng5 Bg4 19. Be2 Bxe2 20. Kxe2
Nxg3+ 21. fxg3 Bxg3 22. Bb4 Bf4 23. Bxf8 Rxe3+ 24. Kf1 Kxf8 25. Nxh7+ Kg8 26.
Nf6+ gxf6 27. Re1 Rh3 28. Ke2 Be5 29. Rg1+ Kf8 30. Raf1 Rh2+ 31. Rf2 Rxf2+ 32.
Kxf2 Bd4+ 33. Kf1 Bxg1 34. Kxg1 Ke7 35. Kf2 Kd6 36. Ke3 f5 37. Kf4 Kc5 38. Kxf5
Kb4 39. Kf6 Ka3 40. Kxf7 Kxa2 41. Ke6 Kxb3 42. Kd6 a5 43. Kxc6 a4 44. Kc5 a3
45. Kd4 a2 46. Kd3 a1=Q 0-1

[Event "Junior Online 4NCL Division 4"]
[Site "online"]
[Date "2020.05.28"]
[Round "7.37"]
[White "Krasnov, Maksim"]
[Black "Li, Evan"]
[Result "0-1"]
[WhiteElo "1247"]
[BlackElo "1435"]
[PlyCount "104"]
[EventDate "2020.05.28"]
[WhiteTeam "Robin Hoods 3"]
[BlackTeam "Ojays E"]

1. e4 c5 2. Nf3 Nc6 3. Nc3 g6 4. Bc4 Bg7 5. Ng5 e6 6. Qf3 Qxg5 7. d4 Qf6 8. d5
Qxf3 9. gxf3 Nd4 10. dxe6 dxe6 11. Kd1 Ne7 12. Nb5 Nxb5 13. Bxb5+ Nc6 14. Bg5
Bd7 15. Ke2 Nd4+ 16. Ke3 Nxb5 17. Rad1 h6 18. Bf4 Rd8 19. c4 Nd4 20. Bc7 Rc8
21. Bd6 Rc6 22. e5 Nf5+ 23. Kf4 Nxd6 24. exd6 e5+ 25. Ke4 O-O 26. Kd5 Rd8 27.
a3 Be6+ 28. Ke4 Rcxd6 29. Rc1 f5+ 30. Ke3 Rd2 31. Rc3 e4 32. Rb3 R2d3+ 33. Rxd3
Rxd3+ 34. Ke2 Rxf3 35. Rg1 Kf7 36. b3 Bd4 37. Kd1 Rxf2 38. Re1 Rxh2 39. Re2
Rxe2 40. Kxe2 Kf6 41. Kf1 f4 42. Kg2 g5 43. Kf1 Kf5 44. Kg2 e3 45. Kf1 f3 46.
Ke1 Ke4 47. Kf1 Kd3 48. Ke1 g4 49. Kf1 Kd2 50. Kg1 e2+ 51. Kh2 Be5+ 52. Kh1
e1=Q# 0-1

[Event "Junior Online 4NCL Division 4"]
[Site "online"]
[Date "2020.05.28"]
[Round "7.38"]
[White "Zeng, Rosa"]
[Black "Pannu, Aaron"]
[Result "1/2-1/2"]
[WhiteElo "1412"]
[BlackElo "1240"]
[PlyCount "70"]
[EventDate "2020.05.28"]
[WhiteTeam "Ojays E"]
[BlackTeam "Robin Hoods 3"]

1. e4 e5 2. Nf3 Nc6 3. Bc4 Nf6 4. Nc3 Bc5 5. d3 d6 6. Be3 O-O 7. O-O Be6 8. Bb3
b5 9. h3 a5 10. Nxb5 Rb8 11. Bxc5 dxc5 12. Nc3 Nd4 13. Na4 Nxb3 14. axb3 Nh5
15. Nxc5 Qd6 16. Nxe6 Qxe6 17. Nd4 Qh6 18. Nf5 Qg5 19. Qf3 Nf4 20. Rxa5 g6 21.
Ng3 h5 22. d4 h4 23. Rxe5 Qf6 24. Ne2 Nxe2+ 25. Qxe2 Qf4 26. Rd1 f6 27. Qc4+
Rf7 28. Re7 Rbf8 29. Qd5 g5 30. b4 g4 31. Rxf7 Rxf7 32. Qd8+ Rf8 33. Qd5+ Rf7
34. Qd8+ Rf8 35. Qd5+ Rf7 1/2-1/2

[Event "Junior Online 4NCL Division 4"]
[Site "online"]
[Date "2020.05.28"]
[Round "7.41"]
[White "Cooney, Thomas"]
[Black "Kothari, Jai"]
[Result "1-0"]
[WhiteElo "1457"]
[BlackElo "1547"]
[PlyCount "87"]
[EventDate "2020.05.28"]
[WhiteTeam "St Benildus 2"]
[BlackTeam "Woking Warriors"]

1. e4 e6 2. d4 d5 3. Nc3 Bb4 4. e5 c5 5. a3 Bxc3+ 6. bxc3 c4 7. f4 Ne7 8. Qg4
Ng6 9. Nf3 Qa5 10. Bd2 Qa4 11. Ra2 Nc6 12. Be2 Bd7 13. O-O O-O 14. h4 h5 15.
Qxh5 Nce7 16. Ng5 Rfe8 17. Qh7+ Kf8 18. h5 Nh4 19. h6 Nhf5 20. g4 Nxh6 21. Qh8+
Neg8 22. Nh7+ Ke7 23. Qxg7 Kd8 24. Nf6 Kc8 25. Nxe8 Bxe8 26. g5 Kd7 27. gxh6
Nxh6 28. Qxh6 Kc7 29. Bh5 Qd7 30. Rb1 b6 31. a4 a5 32. Rab2 Rb8 33. Qf6 Rb7 34.
f5 exf5 35. e6 fxe6 36. Bf4+ Kc8 37. Bxe8 Qxe8 38. Rxb6 Qg8+ 39. Kf2 Rxb6 40.
Rxb6 Kd7 41. Rb7+ Kc6 42. Rc7+ Kb6 43. Qe7 Qg4 44. Qd6# 1-0

[Event "Junior Online 4NCL Division 4"]
[Site "online"]
[Date "2020.05.28"]
[Round "7.42"]
[White "Phillips, Freddie"]
[Black "Brady, Fearghal"]
[Result "0-1"]
[WhiteElo "1390"]
[BlackElo "1450"]
[PlyCount "36"]
[EventDate "2020.05.28"]
[WhiteTeam "Woking Warriors"]
[BlackTeam "St Benildus 2"]

1. e4 d6 2. d4 Nf6 3. e5 dxe5 4. dxe5 Qxd1+ 5. Kxd1 Ng4 6. Ke1 Nxe5 7. Nc3 e6
8. Nb5 Bd6 9. Bf4 Nbc6 10. Rd1 Ke7 11. Nf3 Nxf3+ 12. gxf3 Bxf4 13. Nxc7 Bxc7
14. Rd3 b6 15. Rc3 Bb7 16. b4 Rac8 17. b5 Nd4 18. Rg1 Nxf3+ 0-1

[Event "Junior Online 4NCL Division 4"]
[Site "online"]
[Date "2020.05.28"]
[Round "7.43"]
[White "Lievens, Karel"]
[Black "Seet, Joshua"]
[Result "1-0"]
[WhiteElo "1416"]
[BlackElo "1277"]
[PlyCount "87"]
[EventDate "2020.05.28"]
[WhiteTeam "St Benildus 2"]
[BlackTeam "Woking Warriors"]

1. e4 e6 2. d4 d5 3. exd5 exd5 4. Nf3 Bd6 5. Bd3 Nf6 6. O-O O-O 7. Bg5 c6 8. h3
Be6 9. Re1 Nbd7 10. Ne5 Qb6 11. b3 g6 12. c3 Rfe8 13. Qf3 Be7 14. Nd2 Nxe5 15.
dxe5 Nd7 16. Bxe7 Rxe7 17. Qe3 Qxe3 18. Rxe3 Nc5 19. Bc2 Rae8 20. f4 Bd7 21.
Rae1 f6 22. Nf3 fxe5 23. Rxe5 Rxe5 24. Rxe5 Rxe5 25. Nxe5 Bf5 26. Bxf5 gxf5 27.
g4 fxg4 28. hxg4 Ne4 29. c4 d4 30. Kf1 Kg7 31. Ke1 Kf6 32. Ke2 Nc3+ 33. Kd3 c5
34. Nd7+ Ke6 35. Nxc5+ Kd6 36. Nxb7+ Kc6 37. Kxd4 Nxa2 38. Nd8+ Kd7 39. Nf7 Nc1
40. Ne5+ Ke7 41. b4 Ne2+ 42. Ke3 Nc3 43. Nc6+ Kd6 44. Nxa7 1-0

[Event "Junior Online 4NCL Division 4"]
[Site "online"]
[Date "2020.05.28"]
[Round "7.44"]
[White "Wicks, Alexander"]
[Black "Gubala, Max"]
[Result "1-0"]
[WhiteElo "1285"]
[BlackElo "700"]
[PlyCount "71"]
[EventDate "2020.05.28"]
[WhiteTeam "Woking Warriors"]
[BlackTeam "St Benildus 2"]

1. e4 e5 2. Nf3 Nc6 3. Bb5 a6 4. Bxc6 dxc6 5. O-O Bg4 6. h3 Bxf3 7. Qxf3 Nf6 8.
Nc3 Be7 9. d3 O-O 10. Bg5 Qd7 11. b3 Rad8 12. a4 Rfe8 13. Rac1 Ba3 14. Ra1 Bb2
15. Rac1 Bxc1 16. Rxc1 Qe6 17. Ne2 h6 18. Bh4 b5 19. axb5 cxb5 20. Ng3 g5 21.
Bxg5 hxg5 22. Nf5 Nh7 23. Ne3 f6 24. c4 c6 25. cxb5 axb5 26. Qh5 Re7 27. Nf5
Ra7 28. Nh6+ Kg7 29. Nf5+ Kh8 30. Qg6 Qg8 31. Qh6 Rdd7 32. Rxc6 Ra1+ 33. Kh2
Qf8 34. Qg6 Qf7 35. Qh6 Rb1 36. Rc8+ 1-0

[Event "Junior Online 4NCL Division 4"]
[Site "online"]
[Date "2020.05.28"]
[Round "7.45"]
[White "Kothari, Jai"]
[Black "Cooney, Thomas"]
[Result "1-0"]
[WhiteElo "1547"]
[BlackElo "1457"]
[PlyCount "89"]
[EventDate "2020.05.28"]
[WhiteTeam "Woking Warriors"]
[BlackTeam "St Benildus 2"]

1. e4 e6 2. d4 d5 3. exd5 exd5 4. Be3 c6 5. Bd3 Bd6 6. Qd2 Ne7 7. Nc3 Qc7 8.
Nf3 Bg4 9. h3 Bh5 10. Be2 Nd7 11. a3 O-O-O 12. O-O-O f5 13. Bg5 h6 14. Bxe7
Bxe7 15. Kb1 Qb6 16. Ka2 Bf7 17. Qf4 g6 18. Ne5 Bg5 19. Qf3 Nxe5 20. dxe5 d4+
21. Kb1 dxc3 22. Qxc3 Qxf2 23. Bf3 Qb6 24. Rd6 Rxd6 25. exd6 Rd8 26. Qg7 Be8
27. h4 Bf4 28. Rd1 Rxd6 29. Rxd6 Bxd6 30. Qg8 Kd8 31. Qe6 Bxa3 32. Qf6+ Be7 33.
Qc3 Qb4 34. Qd3+ Qd6 35. Qc3 Bf7 36. Qa5+ b6 37. Qxa7 Qc7 38. Qa8+ Kd7 39. Qa4
b5 40. Qd4+ Qd6 41. Qa7+ Qc7 42. Qd4+ Ke8 43. Qh8+ Bf8 44. Qf6 Qd6 45. Bxc6+
1-0

[Event "Junior Online 4NCL Division 4"]
[Site "online"]
[Date "2020.05.28"]
[Round "7.46"]
[White "Brady, Fearghal"]
[Black "Phillips, Freddie"]
[Result "1-0"]
[WhiteElo "1450"]
[BlackElo "1390"]
[PlyCount "55"]
[EventDate "2020.05.28"]
[WhiteTeam "St Benildus 2"]
[BlackTeam "Woking Warriors"]

1. e4 e5 2. Nf3 Nc6 3. Bc4 Bc5 4. c3 Nh6 5. O-O Ng4 6. d4 exd4 7. cxd4 Bb4 8.
Nc3 O-O 9. h3 Nf6 10. e5 Bxc3 11. exf6 Qxf6 12. bxc3 d6 13. Re1 a6 14. Bd2 b5
15. Bd3 Ne7 16. Bg5 Qe6 17. Rxe6 Bxe6 18. Bxe7 Rfe8 19. Bg5 c6 20. Qc2 a5 21.
Bxh7+ Kh8 22. Re1 Bxa2 23. Rxe8+ Rxe8 24. Qxa2 a4 25. Qxf7 Ra8 26. Bh6 gxh6 27.
Bg6 Ra7 28. Qf8# 1-0

[Event "Junior Online 4NCL Division 4"]
[Site "online"]
[Date "2020.05.28"]
[Round "7.47"]
[White "Seet, Joshua"]
[Black "Lievens, Karel"]
[Result "0-1"]
[WhiteElo "1277"]
[BlackElo "1416"]
[PlyCount "29"]
[EventDate "2020.05.28"]
[WhiteTeam "Woking Warriors"]
[BlackTeam "St Benildus 2"]

1. d4 Nf6 2. c4 e5 3. d5 Bc5 4. Nc3 d6 5. Bg5 Bxf2+ 6. Kxf2 Ng4+ 7. Ke1 Qxg5 8.
Nf3 Qe3 9. Nb5 Nf2 10. Qa4 Bd7 11. Nxc7+ Kd8 12. Qa5 b6 13. Qb4 Nd3+ 14. Kd1
Nxb4 15. Nxa8 0-1

[Event "Junior Online 4NCL Division 4"]
[Site "online"]
[Date "2020.05.28"]
[Round "7.48"]
[White "Gubala, Max"]
[Black "Wicks, Alexander"]
[Result "1-0"]
[WhiteElo "700"]
[BlackElo "1285"]
[PlyCount "89"]
[EventDate "2020.05.28"]
[WhiteTeam "St Benildus 2"]
[BlackTeam "Woking Warriors"]

1. c4 d5 2. Nc3 dxc4 3. e3 Be6 4. Nf3 Nf6 5. Qa4+ Nc6 6. Bxc4 Bxc4 7. Qxc4 e6
8. a3 Bd6 9. O-O O-O 10. d4 Na5 11. Qa4 b6 12. e4 Be7 13. Bf4 c5 14. Rab1 cxd4
15. Rbd1 d3 16. Ne5 Qc7 17. Nxd3 Bd6 18. Bxd6 Qxd6 19. e5 Qe7 20. exf6 Qxf6 21.
Ne4 Qg6 22. Nf4 Qh6 23. g3 Rad8 24. b4 Nc4 25. Rxd8 Rxd8 26. Qxa7 Nd2 27. Nxd2
g5 28. Nf3 gxf4 29. Ne5 Qf6 30. Qxb6 fxg3 31. fxg3 Qe7 32. Nc6 Qd6 33. Qxd8+
Qxd8 34. Nxd8 Kg7 35. a4 f5 36. a5 Kf8 37. a6 Ke7 38. Nxe6 Kxe6 39. a7 Ke5 40.
a8=Q Kf6 41. Qc6+ Kg7 42. Rd1 h6 43. Rd7+ Kh8 44. Qf6+ Kg8 45. Qg7# 1-0

[Event "Junior Online 4NCL Division 4"]
[Site "online"]
[Date "2020.05.28"]
[Round "7.51"]
[White "Patel, Keatan"]
[Black "Wang, Yong Gui"]
[Result "0-1"]
[WhiteElo "1367"]
[BlackElo "1600"]
[PlyCount "86"]
[EventDate "2020.05.28"]
[WhiteTeam "Warwickshire Bears D"]
[BlackTeam "KJCA Young Kestrels D"]

1. e4 e6 2. Nf3 d5 3. exd5 exd5 4. d4 Nf6 5. Bg5 h6 6. Bxf6 Qxf6 7. Qe2+ Be6 8.
Nc3 c6 9. g3 Bb4 10. a3 Ba5 11. Bg2 O-O 12. O-O Nd7 13. Ne5 Rfe8 14. Nxd7 Bxd7
15. Qd3 Bf5 16. Qf3 g6 17. g4 Bxc3 18. bxc3 Re4 19. gxf5 g5 20. Rae1 Rf4 21.
Qd3 h5 22. c4 Rxd4 23. Qh3 Rh4 24. Qb3 Qd6 25. h3 Rxc4 26. Qxb7 Rf8 27. Qxa7 g4
28. h4 g3 29. Qa6 gxf2+ 30. Rxf2 Rxh4 31. Bxd5 Qxd5 32. Rh2 Qd4+ 33. Kg2 Rxh2+
34. Kxh2 Qh4+ 35. Kg1 Qxe1+ 36. Kg2 Qe4+ 37. Kf1 Qxf5+ 38. Ke2 Qxc2+ 39. Kf3
Qc3+ 40. Ke4 f5+ 41. Kf4 Qd4+ 42. Kg5 Qg4+ 43. Kh6 Rf6# 0-1

[Event "Junior Online 4NCL Division 4"]
[Site "online"]
[Date "2020.05.28"]
[Round "7.52"]
[White "Sagar, Aneesh"]
[Black "Alexander, Ryan"]
[Result "0-1"]
[WhiteElo "1607"]
[BlackElo "1352"]
[PlyCount "74"]
[EventDate "2020.05.28"]
[WhiteTeam "KJCA Young Kestrels D"]
[BlackTeam "Warwickshire Bears D"]

1. e4 e5 2. Nf3 Nc6 3. Bc4 Nf6 4. d3 Bc5 5. c3 d6 6. O-O O-O 7. Nbd2 Bg4 8. b4
Bb6 9. a4 a5 10. b5 Ne7 11. Ba3 Ng6 12. h3 Be6 13. Qb3 Bxc4 14. Nxc4 Re8 15.
Nxb6 cxb6 16. Rfe1 d5 17. exd5 Nxd5 18. c4 Ndf4 19. Rad1 Qf6 20. Bc1 Rad8 21.
Be3 Nh4 22. g3 Nxf3+ 23. Kf1 Nh2+ 24. Kg1 Nf3+ 25. Kf1 Nxe1 26. Rxe1 Nxh3 27.
Kg2 Ng5 28. Bxb6 Qf3+ 29. Kf1 Rxd3 30. Qb1 Qh1+ 31. Ke2 Qf3+ 32. Kf1 Rd2 33.
Kg1 Nh3+ 34. Kh2 Re6 35. Rd1 Rh6 36. Rh1 Rxf2+ 37. Bxf2 Qxf2# 0-1

[Event "Junior Online 4NCL Division 4"]
[Site "online"]
[Date "2020.05.28"]
[Round "7.53"]
[White "Vaidyanathan, Adithya"]
[Black "Shkuratovskyi, Artemiy"]
[Result "0-1"]
[WhiteElo "1315"]
[BlackElo "1547"]
[PlyCount "186"]
[EventDate "2020.05.28"]
[WhiteTeam "Warwickshire Bears D"]
[BlackTeam "KJCA Young Kestrels D"]

1. c4 e5 2. b3 Nf6 3. Bb2 Nc6 4. Nc3 d5 5. cxd5 Nxd5 6. Ne4 Bf5 7. d3 f6 8. Nf3
Bb4+ 9. Nfd2 Bxe4 10. dxe4 Nb6 11. e3 Bxd2+ 12. Qxd2 Qxd2+ 13. Kxd2 O-O-O+ 14.
Ke1 Nb4 15. Rc1 Nxa2 16. Rb1 Nb4 17. Be2 Rd7 18. Bg4 Nc2+ 19. Kf1 Rhd8 20.
Bxd7+ Rxd7 21. Rc1 Nb4 22. h4 Na6 23. Rh3 Rd6 24. Kg1 Nd7 25. Rg3 g6 26. Rh3
Ndc5 27. h5 gxh5 28. Rxh5 Nxe4 29. Rxh7 Nb4 30. Rcxc7+ Kd8 31. Rc4 Nd3 32. Rh8+
Kd7 33. Rxe4 Nxb2 34. Rh7+ Ke6 35. Rxb7 Rd1+ 36. Kh2 Nd3 37. Rxa7 Nxf2 38. Rc4
Rb1 39. Ra6+ Kd5 40. Ra5+ Ke6 41. b4 Re1 42. Rc3 Rh1+ 43. Kg3 Ne4+ 44. Kf3 Nxc3
45. b5 Rb1 46. Ra6+ Kd7 47. b6 Kc6 48. b7+ Kxb7 49. Rxf6 e4+ 50. Kf2 Nd5 51.
Rf5 Rb2+ 52. Kg3 Nxe3 53. Rf4 Rxg2+ 54. Kh3 Rg8 55. Rxe4 Rh8+ 56. Kg3 Nf5+ 57.
Kf4 Rf8 58. Kg5 Nd6 59. Rf4 Rg8+ 60. Kf6 Kc7 61. Ke6 Re8+ 62. Kd5 Nb7 63. Rf7+
Kc8 64. Rf6 Rd8+ 65. Kc6 Na5+ 66. Kb5 Nb7 67. Rc6+ Kb8 68. Rb6 Ka7 69. Ra6+ Kb8
70. Rb6 Rd5+ 71. Kc6 Rc5+ 72. Kd7 Rc7+ 73. Ke6 Ka7 74. Rb1 Nc5+ 75. Kd6 Rc8 76.
Rc1 Kb6 77. Rb1+ Ka5 78. Ra1+ Kb4 79. Rb1+ Nb3 80. Kd7 Rc2 81. Re1 Nd2 82. Re6
Kb5 83. Re5+ Kc4 84. Kc6 Nb3 85. Re4+ Nd4+ 86. Kb6 Rb2+ 87. Ka6 Kd5 88. Re3 Kc6
89. Rc3+ Kd6 90. Rd3 Kd5 91. Rd1 Kc6 92. Rc1+ Nc2 93. Ka5 Ra2# 0-1

[Event "Junior Online 4NCL Division 4"]
[Site "online"]
[Date "2020.05.28"]
[Round "7.54"]
[White "Sanka, Amit Aryan"]
[Black "Purushothaman, Amitesh"]
[Result "1-0"]
[WhiteElo "1562"]
[BlackElo "1285"]
[PlyCount "23"]
[EventDate "2020.05.28"]
[WhiteTeam "KJCA Young Kestrels D"]
[BlackTeam "Warwickshire Bears D"]

1. Nf3 Nf6 2. e3 e6 3. c4 d5 4. Nc3 Bb4 5. Qa4+ Nc6 6. cxd5 exd5 7. Bb5 a5 8.
Bxc6+ bxc6 9. Qxc6+ Bd7 10. Qb7 Bc6 11. Qxc6+ Qd7 12. Qxa8+ 1-0

[Event "Junior Online 4NCL Division 4"]
[Site "online"]
[Date "2020.05.28"]
[Round "7.55"]
[White "Wang, Yong Gui"]
[Black "Patel, Keatan"]
[Result "1-0"]
[WhiteElo "1600"]
[BlackElo "1367"]
[PlyCount "103"]
[EventDate "2020.05.28"]
[WhiteTeam "KJCA Young Kestrels D"]
[BlackTeam "Warwickshire Bears D"]

1. e4 e5 2. Nf3 Nc6 3. Bc4 Bc5 4. c3 Nf6 5. d4 exd4 6. e5 Ne4 7. Bd5 Nxf2 8.
Kxf2 dxc3+ 9. Kf1 cxb2 10. Bxb2 Nxe5 11. Bxe5 d6 12. Bxg7 Rg8 13. Qe2+ Kd7 14.
Bb2 c6 15. Bxf7 Rf8 16. Bb3 Kc7 17. Nc3 Bg4 18. Na4 Bxf3 19. gxf3 Bb6 20. Nxb6
Kxb6 21. Bd4+ Kc7 22. Qe4 Re8 23. Qxh7+ Re7 24. Qd3 Qd7 25. Rc1 Rf8 26. Re1
Rxe1+ 27. Kxe1 Qe7+ 28. Kd2 Qg5+ 29. Be3 Qa5+ 30. Kc2 Rxf3 31. Bb6+ Qxb6 32.
Qxf3 Qc5+ 33. Qc3 Qf5+ 34. Qd3 Qf2+ 35. Kc3 Qf6+ 36. Kd2 Qh6+ 37. Qe3 Qf8 38.
Re1 Qh8 39. Qe7+ Kb6 40. Qe3+ c5 41. Re2 Qb2+ 42. Kd3 Qf6 43. Qd2 Qg6+ 44. Kc3
Qf6+ 45. Kc2 Qf5+ 46. Qd3 Qf1 47. Qxd6+ Kb5 48. Qd3+ Kc6 49. Re6+ Kc7 50. Qxf1
Kb8 51. Qf7 Kc8 52. Re8# 1-0

[Event "Junior Online 4NCL Division 4"]
[Site "online"]
[Date "2020.05.28"]
[Round "7.56"]
[White "Alexander, Ryan"]
[Black "Sagar, Aneesh"]
[Result "0-1"]
[WhiteElo "1352"]
[BlackElo "1607"]
[PlyCount "126"]
[EventDate "2020.05.28"]
[WhiteTeam "Warwickshire Bears D"]
[BlackTeam "KJCA Young Kestrels D"]

1. e4 e5 2. Bc4 Nf6 3. d4 exd4 4. Nf3 Bb4+ 5. c3 dxc3 6. O-O O-O 7. bxc3 Bc5 8.
Bg5 d6 9. h3 Be6 10. Bb3 Nbd7 11. Nbd2 Qe7 12. Nc4 Bxc4 13. Bxc4 Qxe4 14. Bxf6
Nxf6 15. Bd3 Qe7 16. Re1 Qd7 17. Qc2 Rfe8 18. Ng5 h6 19. Bh7+ Kh8 20. Bf5 Qc6
21. Nxf7+ Kg8 22. Be6 Rxe6 23. Rxe6 Kxf7 24. Rae1 Re8 25. Qb3 Qb6 26. Qc4 Bxf2+
27. Kh1 d5 28. Rxb6 dxc4 29. Rxe8 Bxb6 30. Rb8 Nd5 31. Rxb7 Ne7 32. a4 Nc6 33.
Kh2 a5 34. Kg3 Ke7 35. Kf4 Kd7 36. Ke4 Kc8 37. Rxb6 cxb6 38. Kd5 Kd7 39. Kxc4
Kd6 40. Kb5 Kc7 41. c4 Ne5 42. g4 Nd3 43. h4 g5 44. hxg5 hxg5 45. c5 bxc5 46.
Kxa5 c4 47. Kb5 c3 48. Kc4 c2 49. Kxd3 c1=Q 50. a5 Qc5 51. a6 Qb6 52. Ke4 Qxa6
53. Ke5 Qe2+ 54. Kf6 Kd6 55. Kxg5 Qe7+ 56. Kh5 Qg7 57. g5 Ke5 58. g6 Kf6 59.
Kg4 Qxg6+ 60. Kh4 Kf5 61. Kh3 Kf4 62. Kh2 Kf3 63. Kh1 Qg2# 0-1

[Event "Junior Online 4NCL Division 4"]
[Site "online"]
[Date "2020.05.28"]
[Round "7.57"]
[White "Shkuratovskyi, Artemiy"]
[Black "Vaidyanathan, Adithya"]
[Result "1-0"]
[WhiteElo "1547"]
[BlackElo "1315"]
[PlyCount "123"]
[EventDate "2020.05.28"]
[WhiteTeam "KJCA Young Kestrels D"]
[BlackTeam "Warwickshire Bears D"]

1. e4 c5 2. Nf3 b6 3. d4 e6 4. Nc3 d5 5. dxc5 Bxc5 6. exd5 exd5 7. Qxd5 Qxd5 8.
Nxd5 Bd6 9. Bf4 Bxf4 10. Nxf4 Nc6 11. Bb5 Bd7 12. Nd5 Rc8 13. O-O Be6 14. Bxc6+
Rxc6 15. Rfe1 Rxc2 16. b3 Rc5 17. Nf4 Rc6 18. Nd4 Rc7 19. Ndxe6 fxe6 20. Nxe6
Re7 21. Nxg7+ Kf8 22. Rxe7 Kxe7 23. Nf5+ Kf6 24. Nd4 Ne7 25. Re1 Rc8 26. g3 Rd8
27. Ne6 Rd6 28. Nf4 Rd2 29. a3 Rb2 30. b4 Ra2 31. Re3 Nf5 32. Nd5+ Kg7 33. Rf3
Nd4 34. Rd3 Ne2+ 35. Kf1 Nc1 36. Rc3 Ra1 37. Kg2 Ne2 38. Rc7+ Kg6 39. Rxa7 Nd4
40. Ne7+ Kg7 41. Nf5+ Kf6 42. Nxd4 Rd1 43. Nf3 Rd3 44. a4 Rb3 45. b5 Ra3 46.
Rxh7 Rxa4 47. Rh6+ Kg7 48. Rxb6 Rb4 49. Rb8 Rxb5 50. Rxb5 Kf6 51. h4 Kg6 52.
h5+ Kh6 53. Nh4 Kh7 54. Rg5 Kh6 55. f4 Kh7 56. Rg6 Kh8 57. f5 Kh7 58. f6 Kh8
59. f7 Kh7 60. g4 Kh8 61. f8=Q+ Kh7 62. Qg7# 1-0

[Event "Junior Online 4NCL Division 4"]
[Site "online"]
[Date "2020.05.28"]
[Round "7.58"]
[White "Purushothaman, Amitesh"]
[Black "Sanka, Amit Aryan"]
[Result "1-0"]
[WhiteElo "1285"]
[BlackElo "1562"]
[PlyCount "109"]
[EventDate "2020.05.28"]
[WhiteTeam "Warwickshire Bears D"]
[BlackTeam "KJCA Young Kestrels D"]

1. d4 Nf6 2. c4 g6 3. Nc3 Bg7 4. e4 O-O 5. Bd3 d6 6. Nf3 c6 7. h3 Qb6 8. a3
Nbd7 9. Bg5 Re8 10. O-O e5 11. d5 Qxb2 12. Na4 Qxa1 13. Qxa1 cxd5 14. cxd5 b6
15. Bb5 a6 16. Bxd7 Bxd7 17. Nxb6 Ra7 18. Nxd7 Rxd7 19. Qc3 Nxe4 20. Qe3 Nxg5
21. Qxg5 h6 22. Qd2 e4 23. Nd4 Rde7 24. Nc6 e3 25. fxe3 Rxe3 26. Nd8 Rxa3 27.
Nxf7 Bf8 28. Nxh6+ Bxh6 29. Qxh6 Rg3 30. Kh2 Rge3 31. Qxg6+ Kh8 32. Rf8+ Rxf8
33. Qh6+ Kg8 34. Qxe3 a5 35. Qe6+ Kg7 36. Qxd6 a4 37. Qa6 Rd8 38. Qxa4 Rxd5 39.
Qa7+ Kf6 40. Qb6+ Ke5 41. Qb2+ Ke6 42. Qb3 Ke5 43. g4 Rd2+ 44. Kg3 Ke4 45. Qe6+
Kd3 46. Qd5+ Ke2 47. Qxd2+ Kxd2 48. g5 Ke3 49. g6 Ke4 50. g7 Ke3 51. g8=Q Ke2
52. Qe6+ Kf1 53. Qa2 Ke1 54. Qc2 Kf1 55. Qd1# 1-0

[Event "Junior Online 4NCL Division 4"]
[Site "online"]
[Date "2020.05.28"]
[Round "7.61"]
[White "Guha, Anuraag"]
[Black "Walker, Daniel"]
[Result "1/2-1/2"]
[WhiteElo "1277"]
[BlackElo "1382"]
[PlyCount "163"]
[EventDate "2020.05.28"]
[WhiteTeam "Warwickshire Bears E"]
[BlackTeam "Robin Hoods 2"]

1. e4 e5 2. Nf3 Nc6 3. Nc3 Nf6 4. d3 Bc5 5. Be2 d6 6. O-O h6 7. a3 Be6 8. b4
Bb6 9. Na4 d5 10. Nxb6 axb6 11. exd5 Nxd5 12. b5 Nd4 13. c4 Nc3 14. Qd2 Ncxe2+
15. Kh1 Nxc1 16. Qxc1 Nxf3 17. gxf3 Qxd3 18. Kg2 O-O 19. Rd1 Qxc4 20. Qxc4 Bxc4
21. Rdc1 Bxb5 22. Rxc7 Bc6 23. Re7 Rfe8 24. Rxe8+ Bxe8 25. Rb1 Rxa3 26. Rxb6
Bc6 27. Kg3 Rxf3+ 28. Kg2 Rb3+ 29. Rxc6 Rb6 30. Rxb6 Kh7 31. Rxb7 f6 32. Kf3
Kg6 33. Rb4 h5 34. h4 Kf5 35. Rb7 g5 36. hxg5 fxg5 37. Rb4 h4 38. Kg2 g4 39. f3
h3+ 40. Kh2 gxf3 41. Kxh3 e4 42. Kg3 Ke5 43. Kf2 Kf4 44. Rb3 Kg4 45. Re3 Kf4
46. Ra3 Kg4 47. Ra4 Kf4 48. Ra3 Kg4 49. Re3 Kf4 50. Rb3 Kg4 51. Ke3 Kf5 52. Rb4
f2 53. Kxf2 Kf4 54. Ke2 Kf5 55. Ke3 Ke5 56. Rxe4+ Kd5 57. Kd3 Kc5 58. Rd4 Kc6
59. Kc4 Kb6 60. Rd8 Kc6 61. Kb4 Kc7 62. Rd1 Kc6 63. Ka5 Kc5 64. Ka4 Kc4 65. Ka3
Kc3 66. Rd8 Kc4 67. Ka4 Kc5 68. Ka5 Kc6 69. Rd2 Kc5 70. Rc2+ Kd4 71. Kb4 Kd3
72. Rc8 Ke4 73. Rd8 Ke5 74. Kc5 Ke6 75. Rd1 Ke7 76. Kc6 Ke6 77. Re1+ Kf5 78.
Kd5 Kf4 79. Kd4 Kf5 80. Kd5 Kf4 81. Kd6 Kf5 82. Kd5 1/2-1/2

[Event "Junior Online 4NCL Division 4"]
[Site "online"]
[Date "2020.05.28"]
[Round "7.62"]
[White "Wood, Ethan"]
[Black "Sagyaman, Vassily M"]
[Result "1-0"]
[WhiteElo "1352"]
[BlackElo "1232"]
[PlyCount "67"]
[EventDate "2020.05.28"]
[WhiteTeam "Robin Hoods 2"]
[BlackTeam "Warwickshire Bears E"]

1. e4 e5 2. Nf3 Nc6 3. Bc4 Bc5 4. b4 Bxb4 5. c3 Bc5 6. d4 Bd6 7. O-O Nf6 8. Bg5
O-O 9. Nbd2 exd4 10. cxd4 Be7 11. Qc2 Nb4 12. Qb3 a5 13. a3 Na6 14. Ne5 Qe8 15.
Rfe1 d6 16. Nef3 c5 17. dxc5 Nxc5 18. Qc2 b5 19. Ba2 Bb7 20. Nb3 Bxe4 21. Qd2
Bxf3 22. gxf3 Ra7 23. Kh1 Qc6 24. Nd4 Qe8 25. Rg1 Nh5 26. Bh6 Bf6 27. Nf5 Ne6
28. Bxe6 Qxe6 29. Nxg7 Nxg7 30. Bxg7 Bxg7 31. Qg5 Qg6 32. Qxb5 Qe6 33. Qg5 Qf6
34. Qxf6 1-0